000 00985nam a2200265 a 4500
003 BLK
005 20240117150847.0
008 190403b bu |||||r|||| 00| 0 bu d
020 _a9786190206873
040 _aBLK
041 _aBUL
_cBUL
080 _aБългарска литература
_b821.163.2
_z821.163.2-32
100 _aГенова, Биляна Севдалинова
_eпърви автор
_9489035
139 _bГ 31
245 _aЧакам в кафенето : разкази
_cБиляна Генова ; худож. Наталия Генова
260 _9209486
_aСофия
_bКолибри
_c2020
300 _a111 с.
_bс ил.
_c20 см
380 _aX
500 _aБиогр. данни за авт. отбелязани на гърба на кор.
700 _9442436
_aГенова, Наталия
942 _cKNG
_n0
_021
999 _c494874
_d494874
999 _d329913
999 _d329913
944 _a30545
_cНора Радева
_k30531
_lЦветелина Шанова